000 01132pam a2200313 a 4500
090 _c0
001 2822299
005 19831101000000.0
008 830112s1984 nyua 001 0 eng
010 _a 83000967
020 _a0070573050 (pbk.)
040 _aDLC
_cDLC
_dDLC
050 0 0 _aHF5635
_b.S5529 1984
082 0 0 _a658.1511
_219
_bSHI
100 1 _aShim, Jae K.
245 1 0 _aSchaum's outline of theory and problems of managerial accounting /
_cJae K. Shim and Joel G. Siegel.
260 _aNew York :
_bMcGraw-Hill,
_cc1984.
300 _a296 p. :
_bill. ;
_c28 cm.
490 1 _aSchaum's outline series
490 0 _aSchaum's outline series in accounting
500 _aIncludes index.
650 0 _aManagerial accounting.
650 0 _aManagerial accounting
_xProblems, exercises, etc.
700 1 _aSiegel, Joel G.
740 0 _aManagerial accounting.
830 0 _aSchaum's outline series in accounting.
942 _2ddc
_cBB
999 _c10700
_d10700